[Event "Kingston Invitational Swiss"]
[Site "Kingston-upon-Thames"]
[Date "2025.08.13"]
[Round "4.19"]
[White "Armstrong, Alastair"]
[Black "Villiers, Thomas"]
[Result "0-1"]
[WhiteElo "2108"]
[BlackElo "2156"]
[PlyCount "126"]
[EventDate "2025.08.12"]
[EventType "swiss"]
[EventRounds "9"]
[EventCountry "ENG"]

1. e4 e5 2. Bc4 Nf6 3. d3 Nc6 4. a3 g6 5. Nc3 Bg7 6. Bg5 h6 7. Be3 d6 8. h3 Qe7 9. Qd2 Nd4 10. Nge2 Be6 11. Nd5 Nxd5 12. exd5 Bd7 13. O-O-O b5 14. Ba2 Nf5 15. g4 Nxe3 16. fxe3 a5 17. Kb1 O-O 18. Ng3 b4 19. Bc4 bxa3 20. bxa3 Rfb8+ 21. Ka2 Qh4 22. Qg2 Ba4 23. Ne4 Rb6 24. Rb1 Rab8 25. Rxb6 Rxb6 26. Rf1 Qd8 27. Qf2 Be8 28. h4 Qb8 29. c3 Qc8 30. g5 hxg5 31. hxg5 Rb8 32. Nf6+ Bxf6 33. gxf6 Qb7 34. Ka1 Bd7 35. Ba2 Bg4 36. e4 Qb6 37. Qd2 Qc5 38. Rc1 Kh7 39. d4 Qxa3 40. dxe5 dxe5 41. Rc2 Bh5 42. Qg5 Qc5 43. Qg3 Rb6 44. d6 Qxd6 45. Qe1 Qa3 46. Rf2 Bd1 47. Rh2+ Kg8 48. Qd2 Bh5 49. Rxh5 gxh5 50. Qg5+ Kf8 51. Qg7+ Ke8 52. Qxf7+ Kd8 53. Qg8+ Kd7 54. Qf7+ Kc8 55. Qg8+ Kb7 56. Qd5+ Ka7 57. Qd2 Rxf6 58. Qe3+ Kb8 59. Qe1 h4 60. c4 h3 61. c5 h2 62. Qh1 Qc3+ 63. Kb1 Rf2 0-1

[Event "Kingston Invitational Swiss"]
[Site "Kingston-upon-Thames"]
[Date "2025.08.13"]
[Round "4.20"]
[White "Eames, Robert S"]
[Black "Waddington, Mike P"]
[Result "1-0"]
[WhiteElo "2136"]
[BlackElo "2034"]
[PlyCount "61"]
[EventDate "2025.08.12"]
[EventType "swiss"]
[EventRounds "9"]
[EventCountry "ENG"]

1. e4 e5 2. Nf3 Nc6 3. Bc4 Bc5 4. c3 Nf6 5. d4 exd4 6. b4 Bb6 7. e5 d5 8. exf6 dxc4 9. Qe2+ Be6 10. b5 Na5 11. fxg7 Rg8 12. cxd4 Rxg7 13. O-O Rg8 14. Rd1 c6 15. Nc3 Qf6 16. Ne4 Qe7 17. bxc6 bxc6 18. Bg5 Rxg5 19. Nexg5 O-O-O 20. Rac1 Rg8 21. Nxe6 fxe6 22. g3 Rf8 23. Ne5 Qf6 24. Rc3 Rd8 25. Qe4 Rd5 26. Rf3 Qe7 27. Qg4 c5 28. Rf7 Qd6 29. Rd7 Qxd7 30. Nxd7 Rxd7 31. dxc5 1-0

[Event "Kingston Invitational Swiss"]
[Site "Kingston-upon-Thames"]
[Date "2025.08.13"]
[Round "4.21"]
[White "Andal, Edmond"]
[Black "Lin, William"]
[Result "1-0"]
[WhiteElo "2011"]
[BlackElo "1678"]
[PlyCount "53"]
[EventDate "2025.08.12"]
[EventType "swiss"]
[EventRounds "9"]
[EventCountry "ENG"]

1. Nf3 Nf6 2. b3 b6 3. Bb2 e6 4. e3 Bb7 5. d4 c5 6. Bd3 d5 7. O-O Bd6 8. Nbd2 O-O 9. Ne5 Nbd7 10. f4 a6 11. Qf3 Qc7 12. Qg3 b5 13. Nxd7 Qxd7 14. dxc5 Be7 15. Nf3 Rac8 16. b4 a5 17. a3 Bc6 18. Ng5 h6 19. Nh7 Qd8 20. Nxf8 Kxf8 21. f5 Qd7 22. Rf2 Nh5 23. Qh3 Bf6 24. fxe6 Qxe6 25. Bf5 Qe7 26. Bxf6 Qxf6 27. Raf1 1-0

[Event "Kingston Invitational Swiss"]
[Site "Kingston-upon-Thames"]
[Date "2025.08.13"]
[Round "4.22"]
[White "Young, Daniel J"]
[Black "Atanasiu, Sorin Marian"]
[Result "1-0"]
[WhiteElo "1958"]
[BlackElo "1524"]
[PlyCount "47"]
[EventDate "2025.08.12"]
[EventType "swiss"]
[EventRounds "9"]
[EventCountry "ENG"]

1. e4 c5 2. d4 cxd4 3. c3 d5 4. exd5 Qxd5 5. cxd4 Nc6 6. Nf3 e6 7. Nc3 Bb4 8. Bd3 Nf6 9. O-O Bxc3 10. bxc3 h6 11. Ba3 Qa5 12. Qc1 Bd7 13. Rb1 Qc7 14. Re1 O-O-O 15. Qb2 b6 16. Ba6+ Kb8 17. c4 Na5 18. c5 Nd5 19. cxb6 axb6 20. Rec1 Qf4 21. Bc5 Ka7 22. Bxb6+ Kxa6 23. Qe2+ Kb7 24. Bxa5+ 1-0

[Event "Kingston Invitational Swiss"]
[Site "Kingston-upon-Thames"]
[Date "2025.08.13"]
[Round "4.23"]
[White "Razhnou, Lev"]
[Black "Cowan, Xavier"]
[Result "1-0"]
[WhiteElo "1821"]
[BlackElo "1854"]
[PlyCount "67"]
[EventDate "2025.08.12"]
[EventType "swiss"]
[EventRounds "9"]
[EventCountry "ENG"]

1. c4 d6 2. d4 e5 3. e3 Nf6 4. Nc3 c6 5. e4 Be7 6. Nf3 Bg4 7. dxe5 Bxf3 8. Qxf3 dxe5 9. Bd2 Nbd7 10. O-O-O Qc7 11. g4 Nc5 12. Be3 Nfd7 13. h4 Ne6 14. g5 Nf4 15. Bh3 Nxh3 16. Qxh3 a6 17. Rd3 Nc5 18. Bxc5 Bxc5 19. Rhd1 Bd4 20. f4 Bxc3 21. Rxc3 exf4 22. Rcd3 O-O 23. Rd7 Qe5 24. Qf3 Rae8 25. Re1 b5 26. cxb5 axb5 27. Kb1 Ra8 28. Qb3 c5 29. Rd5 Qc7 30. Qxb5 Ra5 31. Qc4 Rb8 32. Red1 Ra7 33. Rxc5 Qb6 34. Rc8+ 1-0

[Event "Kingston Invitational Swiss"]
[Site "Kingston-upon-Thames"]
[Date "2025.08.13"]
[Round "4.24"]
[White "Pirgon, Joshua"]
[Black "Kumar, Sachin"]
[Result "1/2-1/2"]
[WhiteElo "1849"]
[BlackElo "1800"]
[PlyCount "37"]
[EventDate "2025.08.12"]
[EventType "swiss"]
[EventRounds "9"]
[EventCountry "ENG"]

1. e4 c5 2. Nf3 e6 3. Nc3 Nc6 4. d4 cxd4 5. Nxd4 Qb6 6. Nxc6 bxc6 7. Bd3 Nf6 8. Qf3 Ba6 9. O-O Bxd3 10. Qxd3 Be7 11. Be3 Qc7 12. f4 Ng4 13. e5 Nxe3 14. Qxe3 Qb6 15. Qxb6 axb6 16. Rf3 f6 17. Rd1 O-O 18. Ne4 fxe5 19. fxe5 1/2-1/2

[Event "Kingston Invitational Swiss"]
[Site "Kingston-upon-Thames"]
[Date "2025.08.13"]
[Round "4.25"]
[White "Bhatia, Jai"]
[Black "Kumar, Arnav"]
[Result "0-1"]
[WhiteElo "1708"]
[BlackElo "1814"]
[PlyCount "86"]
[EventDate "2025.08.12"]
[EventType "swiss"]
[EventRounds "9"]
[EventCountry "ENG"]

1. e4 c6 2. Nc3 d5 3. exd5 cxd5 4. d4 Nc6 5. Bf4 a6 6. Nge2 Nf6 7. g3 Bf5 8. a3 e6 9. Bg2 Bd6 10. Bxd6 Qxd6 11. O-O O-O 12. Kh1 Na5 13. b3 b5 14. Qd2 Nc6 15. Na2 Rfc8 16. b4 Nd7 17. Nac1 a5 18. Nd3 Bxd3 19. Qxd3 axb4 20. axb4 Qxb4 21. Rab1 Qc4 22. Qd1 b4 23. Re1 Ra2 24. Nc1 Raa8 25. Nb3 Ne7 26. Ra1 Rxa1 27. Nxa1 Nf5 28. Bh3 Nxd4 29. Rg1 Nxc2 30. Nxc2 Qxc2 31. Qa1 b3 32. Qa7 Nf8 33. Qb7 b2 34. Bg2 Qc1 35. Rf1 Qc2 36. h3 Rc3 37. Kh2 Rb3 38. Qe7 b1=Q 39. Rh1 Qxh1+ 40. Bxh1 Qxf2+ 41. Bg2 Qxg3+ 42. Kh1 Rb1+ 43. Bf1 Rxf1# 0-1

[Event "Kingston Invitational Swiss"]
[Site "Kingston-upon-Thames"]
[Date "2025.08.13"]
[Round "4.26"]
[White "Keen, Maya"]
[Black "Eckert, Jonathan"]
[Result "1-0"]
[WhiteElo "1805"]
[BlackElo "1770"]
[PlyCount "105"]
[EventDate "2025.08.12"]
[EventType "swiss"]
[EventRounds "9"]
[EventCountry "ENG"]

1. d4 e6 2. c4 f5 3. g3 Nf6 4. Bg2 Be7 5. Nc3 d5 6. Nf3 c6 7. O-O O-O 8. Qc2 Ne4 9. a3 Nd7 10. b4 Bf6 11. cxd5 exd5 12. Rb1 Nb6 13. e3 a6 14. Nd2 Be6 15. Na4 Nxa4 16. Nxe4 fxe4 17. Qxa4 Qd7 18. f3 exf3 19. Rxf3 Bg4 20. Rf1 Rae8 21. Qb3 Kh8 22. Bd2 Bg5 23. Rbe1 Qe6 24. Qd3 g6 25. Rxf8+ Rxf8 26. e4 Bxd2 27. Qxd2 Re8 28. Qf4 Kg7 29. h4 Rf8 30. Qe3 dxe4 31. Qxe4 Qxe4 32. Rxe4 Bf5 33. Re7+ Rf7 34. Rxf7+ Kxf7 35. Kf2 Be6 36. Ke3 Kf6 37. Bf3 h6 38. g4 g5 39. h5 Ke7 40. a4 Kd6 41. a5 Kc7 42. Be2 b5 43. axb6+ Kxb6 44. Ke4 a5 45. bxa5+ Kxa5 46. Ke5 Bd5 47. Kf6 Kb4 48. Kg7 Kc3 49. Kxh6 Kxd4 50. Kxg5 Ke5 51. h6 Be4 52. Bf3 Bxf3 53. h7 1-0

[Event "Kingston Invitational Swiss"]
[Site "Kingston-upon-Thames"]
[Date "2025.08.13"]
[Round "4.27"]
[White "Mistry, Jaden"]
[Black "Adams, Mark A"]
[Result "0-1"]
[WhiteElo "1768"]
[BlackElo "1912"]
[PlyCount "50"]
[EventDate "2025.08.12"]
[EventType "swiss"]
[EventRounds "9"]
[EventCountry "ENG"]

1. e4 c5 2. Nf3 a6 3. c3 d5 4. e5 e6 5. d4 Bd7 6. Bd3 cxd4 7. cxd4 Bb5 8. Nc3 Bxd3 9. Qxd3 Nc6 10. a3 Nge7 11. Bg5 h6 12. Bh4 g5 13. Nxg5 hxg5 14. Bxg5 Qb6 15. b4 Qxd4 16. Qxd4 Nxd4 17. Bf6 Rg8 18. Kf1 Rc8 19. Na4 Nef5 20. h4 Nc2 21. Ra2 Nxb4 22. Ra1 Nc2 23. Rb1 b5 24. Nb6 Rc6 25. Rb2 Nxa3 0-1

[Event "Kingston Invitational Swiss"]
[Site "Kingston-upon-Thames"]
[Date "2025.08.14"]
[Round "5.1"]
[White "Lund, Gunnar"]
[Black "Rudzinska, Michalina"]
[Result "1/2-1/2"]
[WhiteElo "2326"]
[BlackElo "2200"]
[PlyCount "61"]
[EventDate "2025.08.12"]
[EventType "swiss"]
[EventRounds "9"]
[EventCountry "ENG"]

1. e4 c6 2. d4 d5 3. f3 Qb6 4. Nc3 dxe4 5. fxe4 e5 6. Nf3 exd4 7. Nxd4 h5 8. Be2 Bg4 9. O-O Nd7 10. Kh1 O-O-O 11. Nf5 Bxf5 12. exf5 Ne5 13. Qe1 Bd6 14. Ne4 Bc7 15. Bf4 Qd4 16. Ng5 Nh6 17. Rd1 Qxb2 18. Rxd8+ Rxd8 19. Bxh5 Rd5 20. Qe4 Qxa2 21. Nxf7 Nhxf7 22. Bxf7 Nxf7 23. Qe6+ Kb8 24. Bxc7+ Kxc7 25. Qxf7+ Kb6 26. Qxg7 Rxf5 27. Qd4+ Rc5 28. c3 a5 29. h3 Qc4 30. Rb1+ Ka6 31. Qd8 1/2-1/2

[Event "Kingston Invitational Swiss"]
[Site "Kingston-upon-Thames"]
[Date "2025.08.14"]
[Round "5.2"]
[White "Grave, Jacob Templen"]
[Black "Bashylina, Luisa"]
[Result "1-0"]
[WhiteElo "2366"]
[BlackElo "2085"]
[PlyCount "139"]
[EventDate "2025.08.12"]
[EventType "swiss"]
[EventRounds "9"]
[EventCountry "ENG"]

1. d4 d5 2. c4 c6 3. Nf3 Nf6 4. Nc3 e6 5. e3 Nbd7 6. Be2 Bd6 7. O-O O-O 8. b3 b6 9. Bb2 Bb7 10. Bd3 Qe7 11. Re1 c5 12. cxd5 exd5 13. Nb5 Bb8 14. Rc1 a6 15. Nc3 Bd6 16. Ne2 Rfe8 17. Ng3 g6 18. Rc2 Rac8 19. Qe2 b5 20. dxc5 Rxc5 21. Nd4 Rxc2 22. Bxc2 Qd8 23. Rd1 Bf8 24. Bd3 Nc5 25. Qc2 Qb6 26. Nge2 b4 27. Nf3 Nxd3 28. Qxd3 Bg7 29. Nf4 Rd8 30. Ng5 Rc8 31. f3 Re8 32. Bd4 Qd6 33. Qd2 h6 34. Ngh3 a5 35. Nf2 g5 36. Ne2 Qe6 37. Nd3 Nd7 38. Bxg7 Kxg7 39. Nd4 Qf6 40. Rc1 Rc8 41. Rxc8 Bxc8 42. Qc2 Ba6 43. Nf2 Ne5 44. Qc7 a4 45. bxa4 Nc4 46. Qb8 Nxe3 47. Qxb4 Kg8 48. h3 h5 49. a5 Qf4 50. Nc6 Qf6 51. Qd4 Qe6 52. Qe5 Qxe5 53. Nxe5 d4 54. Nc6 Nc4 55. Nxd4 Nxa5 56. Ne4 Bc4 57. a3 Ba6 58. Nxg5 Nc4 59. a4 Nb6 60. a5 Nc4 61. Nb3 Bb5 62. Ne4 Kg7 63. Kf2 Kg6 64. Kg3 Ne3 65. Nd4 Bc4 66. Nc5 Kg5 67. h4+ Kf6 68. a6 Bd5 69. Nd7+ Ke7 70. Nb6 1-0

[Event "Kingston Invitational Swiss"]
[Site "Kingston-upon-Thames"]
[Date "2025.08.14"]
[Round "5.3"]
[White "Kothari, Jai"]
[Black "Verma, Shlok"]
[Result "1-0"]
[WhiteElo "2051"]
[BlackElo "2076"]
[PlyCount "101"]
[EventDate "2025.08.12"]
[EventType "swiss"]
[EventRounds "9"]
[EventCountry "ENG"]

1. e4 e6 2. d4 d5 3. Nd2 dxe4 4. Nxe4 Nd7 5. Bd3 Ngf6 6. Qe2 Be7 7. Nf3 O-O 8. Bg5 c5 9. dxc5 Nxc5 10. Nxc5 Qa5+ 11. c3 Qxc5 12. O-O-O Rd8 13. h4 Bd7 14. g4 Bc6 15. Rhg1 Nd5 16. Bxe7 Qxe7 17. Bc2 Nf4 18. Qe3 Nd5 19. Qe4 Nf6 20. Qe2 Rxd1+ 21. Rxd1 Rd8 22. Nd4 Qc7 23. g5 Ne8 24. Qe3 g6 25. h5 Ng7 26. h6 Nh5 27. Nxc6 Rxd1+ 28. Bxd1 bxc6 29. Bxh5 gxh5 30. Qd4 e5 31. Qh4 Qd7 32. Qxh5 Qf5 33. Qh4 Kf8 34. Qb4+ Ke8 35. Qb8+ Kd7 36. Qxa7+ Ke6 37. Qe3 Qg4 38. b3 Kf5 39. a4 Qg1+ 40. Kb2 Qf1 41. c4 Qd1 42. a5 Qd8 43. a6 Qa5 44. a7 e4 45. f3 exf3 46. Qxf3+ Kxg5 47. Qg2+ Kh5 48. Qh3+ Kg5 49. Qe3+ Kh5 50. Kb1 f5 51. Qe8+ 1-0

[Event "Kingston Invitational Swiss"]
[Site "Kingston-upon-Thames"]
[Date "2025.08.14"]
[Round "5.4"]
[White "Wilson, Ewan"]
[Black "Claverie, Raul"]
[Result "0-1"]
[WhiteElo "2020"]
[BlackElo "2180"]
[PlyCount "84"]
[EventDate "2025.08.12"]
[EventType "swiss"]
[EventRounds "9"]
[EventCountry "ENG"]

1. e4 e6 2. d4 d5 3. Nc3 Bb4 4. e5 c5 5. Bd2 Ne7 6. a3 Bxc3 7. Bxc3 cxd4 8. Bxd4 Nbc6 9. Nf3 Qc7 10. c3 Ng6 11. Bb5 O-O 12. Bxc6 bxc6 13. Bc5 Rd8 14. Qd4 Ba6 15. O-O-O Be2 16. Rde1 Bxf3 17. gxf3 f6 18. exf6 Qf4+ 19. Qxf4 Nxf4 20. Kc2 g6 21. Re5 Kf7 22. Be7 Rd7 23. Rg1 Rg8 24. b4 h6 25. Kd2 g5 26. Rge1 a5 27. Kc2 axb4 28. cxb4 Ra8 29. h4 gxh4 30. Rg1 Rg8 31. Ree1 Rxg1 32. Rxg1 Ng6 33. Rg4 e5 34. a4 d4 35. Kd3 h3 36. Rg1 h5 37. a5 Nf4+ 38. Ke4 d3 39. Kxe5 Ng6+ 40. Kf5 h2 41. Rd1 Nxe7+ 42. fxe7 d2 0-1

[Event "Kingston Invitational Swiss"]
[Site "Kingston-upon-Thames"]
[Date "2025.08.14"]
[Round "5.5"]
[White "Xian, Junhao"]
[Black "Gosling, Marcus"]
[Result "1-0"]
[WhiteElo "2159"]
[BlackElo "1909"]
[PlyCount "99"]
[EventDate "2025.08.12"]
[EventType "swiss"]
[EventRounds "9"]
[EventCountry "ENG"]

1. d4 Nf6 2. c4 e6 3. Nf3 b6 4. g3 Ba6 5. b3 Bb4+ 6. Bd2 Be7 7. Bg2 Bb7 8. O-O c5 9. Bc3 O-O 10. Bb2 cxd4 11. Qxd4 d6 12. Nc3 a6 13. e4 Nbd7 14. Rfe1 Qc7 15. Qd2 Rfd8 16. Nd4 Rac8 17. Rad1 Bf8 18. Qe2 g6 19. h3 Qb8 20. Kh2 Bg7 21. Ba1 Ne8 22. Qe3 Nc5 23. Re2 Nc7 24. Red2 Ba8 25. f4 Bh6 26. Nde2 Ne8 27. Qf2 b5 28. b4 Na4 29. c5 Nxc3 30. Bxc3 dxc5 31. bxc5 Bg7 32. Ba5 Rxd2 33. Rxd2 Qa7 34. Bb6 Qe7 35. Qe3 h5 36. Qd3 Bc6 37. Nd4 Bxd4 38. Qxd4 h4 39. g4 e5 40. Bd8 Qe6 41. fxe5 Rxd8 42. Qxd8 Qxe5+ 43. Kg1 Qxc5+ 44. Qd4 Qc1+ 45. Rd1 Qc2 46. Qd2 Qc5+ 47. Qf2 Qe5 48. Qb6 Bxe4 49. Re1 Nf6 50. Qe3 1-0

[Event "Kingston Invitational Swiss"]
[Site "Kingston-upon-Thames"]
[Date "2025.08.14"]
[Round "5.6"]
[White "Hawksworth, John C"]
[Black "Frostick, Clive A"]
[Result "1-0"]
[WhiteElo "2351"]
[BlackElo "2095"]
[PlyCount "91"]
[EventDate "2025.08.12"]
[EventType "swiss"]
[EventRounds "9"]
[EventCountry "ENG"]

1. d4 d5 2. c4 e6 3. Nc3 Nf6 4. Nf3 a6 5. cxd5 exd5 6. Bg5 Be6 7. e3 Nbd7 8. Bd3 Bd6 9. O-O c6 10. h3 Qc7 11. Qd2 O-O 12. Bf4 h6 13. Rfe1 Nh5 14. Bxd6 Qxd6 15. Ne2 Rfe8 16. Rac1 Nhf6 17. Ng3 Qe7 18. a3 Nb6 19. Ne5 Nc8 20. f3 Nd6 21. e4 dxe4 22. fxe4 Nb5 23. Bxb5 axb5 24. Nf3 Qc7 25. Qf2 Qb6 26. e5 Nd5 27. Ne4 b4 28. Nfd2 bxa3 29. Nc4 Qb3 30. bxa3 Qd3 31. Nc5 Qg6 32. Kh2 b5 33. Nd6 Rf8 34. Qf3 b4 35. axb4 Ra2 36. Re2 Rxe2 37. Qxe2 Nf4 38. Qf2 Bd5 39. Rc3 Nxh3 40. Rxh3 Ra8 41. Nf5 Qg5 42. Ne3 Ra2 43. Qg3 Qxe3 44. Qxe3 Rxg2+ 45. Kh1 Rg3+ 46. Ne4 1-0

[Event "Kingston Invitational Swiss"]
[Site "Kingston-upon-Thames"]
[Date "2025.08.14"]
[Round "5.7"]
[White "Lalic, Susan K"]
[Black "Verma, Aditya"]
[Result "1/2-1/2"]
[WhiteElo "2204"]
[BlackElo "2093"]
[PlyCount "44"]
[EventDate "2025.08.12"]
[EventType "swiss"]
[EventRounds "9"]
[EventCountry "ENG"]

1. e4 c5 2. Nf3 d6 3. Bb5+ Nd7 4. Ba4 Ngf6 5. O-O e6 6. d3 a6 7. c4 Be7 8. Nc3 O-O 9. h3 Qc7 10. Bf4 Rd8 11. a3 Ne5 12. Rc1 Ng6 13. Be3 Qb8 14. Qc2 Bd7 15. Bxd7 Rxd7 16. a4 Qc7 17. b3 Rad8 18. Rfe1 Qa5 19. Bd2 Qc7 20. Be3 Qa5 21. Bd2 Qc7 22. Be3 Qa5 1/2-1/2

[Event "Kingston Invitational Swiss"]
[Site "Kingston-upon-Thames"]
[Date "2025.08.14"]
[Round "5.8"]
[White "Yu, Rock"]
[Black "Rushbrooke, Remy"]
[Result "0-1"]
[WhiteElo "2107"]
[BlackElo "2090"]
[PlyCount "54"]
[EventDate "2025.08.12"]
[EventType "swiss"]
[EventRounds "9"]
[EventCountry "ENG"]

1. Nf3 d5 2. g3 Bg4 3. Ne5 Bf5 4. c4 f6 5. Nf3 d4 6. Bg2 Nc6 7. b4 Nxb4 8. Qa4+ Nc6 9. Nh4 Bd7 10. Be4 e5 11. Ng6 Nce7 12. Qc2 Nxg6 13. Bxg6+ hxg6 14. Qxg6+ Ke7 15. Ba3+ c5 16. Bxc5+ Ke6 17. Bxf8 Qxf8 18. e3 Be8 19. Qc2 Bc6 20. O-O Rd8 21. exd4 Rxd4 22. Nc3 Ne7 23. f4 Qd8 24. Rf2 exf4 25. Re1+ Kf7 26. Rfe2 Ng6 27. Nb5 fxg3 0-1

[Event "Kingston Invitational Swiss"]
[Site "Kingston-upon-Thames"]
[Date "2025.08.14"]
[Round "5.9"]
[White "Makepeace, Philip J"]
[Black "Rudd, Jack"]
[Result "1-0"]
[WhiteElo "2081"]
[BlackElo "2259"]
[PlyCount "105"]
[EventDate "2025.08.12"]
[EventType "swiss"]
[EventRounds "9"]
[EventCountry "ENG"]

1. e4 c6 2. d4 d5 3. Nc3 dxe4 4. Nxe4 Nd7 5. Nf3 Ngf6 6. Nc3 g6 7. Bc4 Nb6 8. Bb3 Bg7 9. h3 O-O 10. O-O Nbd5 11. Nxd5 cxd5 12. Bf4 a5 13. a4 b6 14. Re1 e6 15. c3 Ba6 16. Bc2 b5 17. Bd3 b4 18. Bxa6 Rxa6 19. cxb4 axb4 20. Qb3 Qb6 21. Rec1 Ne4 22. Bc7 Qa7 23. Qxb4 Rc8 24. Bb6 Rb8 25. Rc8+ Rxc8 26. Bxa7 Rxa7 27. a5 Rca8 28. Qe1 Rb8 29. b4 Bf8 30. Rb1 Nd6 31. Ne5 Rc7 32. Nd3 Nb5 33. Nc5 Rc6 34. Nd7 Rbc8 35. Nxf8 Kxf8 36. Qe5 Rc4 37. a6 Kg8 38. Ra1 Na7 39. Qd6 R4c6 40. Qd7 R6c7 41. Qa4 Rc4 42. Rb1 Nc6 43. Qa3 Nxd4 44. b5 Rc3 45. Qa4 R8c4 46. Qa5 Nb3 47. Qd8+ Kg7 48. a7 Nd2 49. Kh2 Ra3 50. Rd1 Rxa7 51. Rxd2 Rb4 52. Qb8 Ra5 53. Rb2 1-0

[Event "Kingston Invitational Swiss"]
[Site "Kingston-upon-Thames"]
[Date "2025.08.14"]
[Round "5.10"]
[White "Villiers, Thomas"]
[Black "Achour, Mohamed Anis"]
[Result "1/2-1/2"]
[WhiteElo "2156"]
[BlackElo "2126"]
[PlyCount "150"]
[EventDate "2025.08.12"]
[EventType "swiss"]
[EventRounds "9"]
[EventCountry "ENG"]

1. e4 e5 2. Nf3 Nc6 3. Bb5 a6 4. Ba4 Nf6 5. O-O Nxe4 6. d4 b5 7. Bb3 d5 8. Nxe5 Nxe5 9. dxe5 Be6 10. c3 Be7 11. Nd2 O-O 12. Nxe4 dxe4 13. Bxe6 fxe6 14. Qg4 Qd5 15. Re1 Bc5 16. Be3 Qxe5 17. Bxc5 Qxc5 18. Qxe6+ Kh8 19. Re3 Rae8 20. Qg4 Rxf2 21. Kxf2 Rf8+ 22. Ke2 Qc4+ 23. Kd2 Rf2+ 24. Re2 e3+ 25. Kxe3 Qxg4 26. Kxf2 h6 27. a3 Qc4 28. Rae1 Qc5+ 29. Kf1 a5 30. Re5 Qc4+ 31. Kg1 Qb3 32. R1e2 Qd1+ 33. Kf2 Qd6 34. h3 c5 35. Kg1 Qd1+ 36. Kh2 Qd6 37. Kh1 b4 38. axb4 axb4 39. c4 Qd1+ 40. Kh2 Qd6 41. b3 Kh7 42. R2e3 Kg8 43. Kg1 Qd1+ 44. Kf2 Qd2+ 45. Kf3 Qd1+ 46. Kg3 Qd6 47. h4 Kh7 48. h5 Kg8 49. Kh3 Qd7+ 50. Kh2 Qd6 51. Kg3 Kh7 52. Kf3 Qd1+ 53. Ke4 Qd4+ 54. Kf5 Qd7+ 55. Re6 Kg8 56. Kf4 Qd4+ 57. Kf3 Qd1+ 58. Ke4 Qd4+ 59. Kf5 Qd7 60. R3e4 Qd3 61. g4 Qf3+ 62. Rf4 Qd3+ 63. Ke5 Qe3+ 64. Re4 Qxb3 65. Kd5 Qd3+ 66. Kxc5 b3 67. Re3 Qc2 68. Re8+ Kf7 69. Rb8 b2 70. Reb3 Qf2+ 71. Kb4 Qe1+ 72. Kc5 Qe5+ 73. Kc6 Qe4+ 74. Kc5 Qe5+ 75. Kc6 Qe4+ 1/2-1/2

[Event "Kingston Invitational Swiss"]
[Site "Kingston-upon-Thames"]
[Date "2025.08.14"]
[Round "5.11"]
[White "Farrand, Tom"]
[Black "Eames, Robert S"]
[Result "1-0"]
[WhiteElo "2077"]
[BlackElo "2136"]
[PlyCount "113"]
[EventDate "2025.08.12"]
[EventType "swiss"]
[EventRounds "9"]
[EventCountry "ENG"]

1. c4 e6 2. g3 d5 3. Bg2 dxc4 4. Qc2 Nf6 5. Nf3 b5 6. a4 c6 7. axb5 cxb5 8. Nc3 Qb6 9. d3 Bc5 10. d4 Bb4 11. O-O Bb7 12. b3 cxb3 13. Qxb3 a5 14. Bg5 Nbd7 15. Rab1 Bxc3 16. Qxc3 b4 17. Qb2 Be4 18. Ne5 Bxg2 19. Nxd7 Nxd7 20. Kxg2 O-O 21. h4 Rfc8 22. Kh2 Rc4 23. Be3 Qc6 24. d5 exd5 25. Bd4 f6 26. Qd2 Re8 27. Rbc1 Qe6 28. Rfe1 Ne5 29. Ra1 Nc6 30. e3 Qe4 31. Rec1 Nxd4 32. exd4 Rxd4 33. Qb2 Rc4 34. Re1 Qg6 35. Rxe8+ Qxe8 36. Rxa5 Qe4 37. Qa2 h5 38. Qd2 Rd4 39. Qc1 Kh7 40. Ra7 Rc4 41. Qd1 Qf5 42. Qe2 Re4 43. Qd2 d4 44. Kg2 b3 45. Qb4 Qd5 46. Ra5 Qe6 47. Rxh5+ Kg6 48. Rb5 Re1 49. Qxb3 Qe4+ 50. f3 Qe2+ 51. Kh3 Rh1+ 52. Kg4 Re1 53. Kh3 f5 54. h5+ Kf6 55. Rb6+ Kg5 56. f4+ Kxh5 57. Qf7+ 1-0

[Event "Kingston Invitational Swiss"]
[Site "Kingston-upon-Thames"]
[Date "2025.08.14"]
[Round "5.13"]
[White "Bates, Caspar J"]
[Black "Keen, Maya"]
[Result "1-0"]
[WhiteElo "2010"]
[BlackElo "1805"]
[PlyCount "59"]
[EventDate "2025.08.12"]
[EventType "swiss"]
[EventRounds "9"]
[EventCountry "ENG"]

1. d4 d5 2. c4 e6 3. e3 Nf6 4. Nc3 Be7 5. Nf3 O-O 6. Bd3 b6 7. cxd5 exd5 8. Ne5 Bb7 9. O-O c5 10. b3 Nc6 11. Ba6 Bxa6 12. Nxc6 Qc7 13. Nxe7+ Qxe7 14. Re1 Rfd8 15. Ba3 Rac8 16. dxc5 bxc5 17. Na4 Rc6 18. Rc1 Rdc8 19. e4 dxe4 20. Rxc5 Qd7 21. Qxd7 Nxd7 22. Rxc6 Rxc6 23. Rxe4 h6 24. Re8+ Kh7 25. Re7 Nb6 26. Nc5 Rd6 27. h3 Rd2 28. Rxf7 Rxa2 29. Rxa7 Be2 30. Ne6 1-0

[Event "Kingston Invitational Swiss"]
[Site "Kingston-upon-Thames"]
[Date "2025.08.14"]
[Round "5.14"]
[White "Kumar, Arnav"]
[Black "Fegan, Chris"]
[Result "1/2-1/2"]
[WhiteElo "1814"]
[BlackElo "1994"]
[PlyCount "39"]
[EventDate "2025.08.12"]
[EventType "swiss"]
[EventRounds "9"]
[EventCountry "ENG"]

1. e4 d6 2. d4 Nf6 3. Nc3 g6 4. f4 Bg7 5. Nf3 c5 6. dxc5 Qa5 7. Bb5+ Bd7 8. Bxd7+ Nbxd7 9. Bd2 Qxc5 10. Qe2 O-O 11. O-O-O b5 12. Be3 Qc7 13. e5 Ng4 14. Nd5 Qd8 15. exd6 exd6 16. Bd4 Re8 17. Qd2 Ndf6 18. Nxf6+ Nxf6 19. Rhe1 Rxe1 20. Rxe1 1/2-1/2

[Event "Kingston Invitational Swiss"]
[Site "Kingston-upon-Thames"]
[Date "2025.08.14"]
[Round "5.15"]
[White "Gajowniczek, Maks"]
[Black "Stevenson, James"]
[Result "1-0"]
[WhiteElo "1847"]
[BlackElo "1969"]
[PlyCount "139"]
[EventDate "2025.08.12"]
[EventType "swiss"]
[EventRounds "9"]
[EventCountry "ENG"]

1. Nf3 Nf6 2. d4 c5 3. d5 b5 4. c4 g6 5. cxb5 a6 6. bxa6 Bxa6 7. Nc3 d6 8. g3 Bg7 9. Bg2 O-O 10. O-O Nbd7 11. Rb1 Qa5 12. Qc2 Rfb8 13. Rd1 Nb6 14. b3 Bc8 15. e4 Ng4 16. Bd2 Qa3 17. Bc1 Qa5 18. Bb2 Bd7 19. Ba1 h6 20. a4 Ra7 21. Bf1 Rf8 22. Nb5 Raa8 23. Bxg7 Kxg7 24. h3 Nf6 25. Nd2 Rfc8 26. Na3 h5 27. Ndc4 Nxc4 28. Nxc4 Qb4 29. Kg2 h4 30. g4 Rh8 31. f3 Qb7 32. Qc3 Kh7 33. Na3 Qb8 34. Bb5 Bc8 35. Bc6 Ra6 36. b4 cxb4 37. Rxb4 Qc7 38. Nc4 Rxc6 39. dxc6 d5 40. Qe5 Qxc6 41. Rxd5 Nxd5 42. Qxd5 Qf6 43. Rb6 Be6 44. Qd2 Qa1 45. Nb2 Rc8 46. Qf2 Qc1 47. Nd3 Qd1 48. Qxh4+ Kg7 49. Nf2 Qxa4 50. Rxe6 fxe6 51. Qxe7+ Kh8 52. Qf6+ Kh7 53. Qf7+ Kh8 54. Qxg6 Qc4 55. g5 Qa2 56. Qh6+ Kg8 57. g6 Rc7 58. Qh4 Qc2 59. Qf6 Qc4 60. h4 e5 61. h5 Rc6 62. Qg5 Qe6 63. Qd8+ Kg7 64. Qg5 Kg8 65. Ng4 Rc2+ 66. Kg3 Qb6 67. Qxe5 Qg1+ 68. Kf4 Qc1+ 69. Ne3 Rc7 70. h6 1-0